Logo BPK

Biblioteka

Politechniki Koszalińskiej

Syndyk masy upadłości / (Rekord nr 34568)

Szczegóły MARC
000 -ETYKIETA REKORDU
podpole kontrolne o stałej długości 00696nam a2200241 i 4500
001 - NUMER KONTROLNY REKORDU
pole kontrolne bg
020 ## - MIĘDZYNARODOWY ZNORMALIZOWANY NUMER KSIĄŻKI - ISBN
ISBN 8371591942
040 ## - ŹRÓDŁO KATALOGOWANIA
Instytucja, która utworzyła rekord BPK
041 0# - KOD JĘZYKA
Kod języka tekstu pl
080 ## - UNIWERSALNA KLASYFIKACJA DZIESIĘTNA - UKD
UKD 347.736/.739(438)(094)
920 ## - Międzynarodowy znormalizowany numer książki – ISBN
ISBN 83-7159-194-2
008 - POLE O STAŁEJ DŁUGOŚCI - DANE KONTROLNE
podpole kontrolne o stałej długości s pl f |000 0 pol
100 1# - NAZWA OSOBOWA
Nazwa osobowa KOENNER, Marek
245 10 - TYTUŁ/ODPOWIEDZIALNOŚĆ
Tytuł Syndyk masy upadłości /
Pozostałe elementy strefy tytułu i oznaczenia odpowiedzialności Marek Koenner ; z wprow. Sławomira Dalki.
260 ## - STREFA ADRESU WYDAWNICZEGO
Miejsce wydania Sopot :
Nazwa wydawcy/dystrybutora "LEX",
Data publikacji, dystrybucji/powstania dokumentu 1999.
300 ## - STREFA OPISU FIZYCZNEGO
Objętość 278, [1] s. ;
Rozmiary 21 cm.
490 1# - STREFA SERII I DOKUMENTU WIELOCZĘŚCIOWEGO - FORMA NIE DO WYSZUKIWANIA
Tytuł i oznaczenie odpowiedzialności serii Instytucje Polskiego Prawa
504 ## - UWAGA DOTYCZĄCA BIBLIOGRAFII
Informacje o bibliografii Bibliogr. s.247-248.
650 #9 - HASŁO PRZEDMIOTOWE W FORMIE NAZWY OGÓLNEJ LUB JEDNOSTKOWEJ
Nazwa ogólna lub geograficzna Upadłość
Określnik ogólny prawo
Określnik geograficzny Polska
Określnik chronologiczny stan na 1999 r.
700 1# - HASŁO DODATKOWE - NAZWA OSOBOWA
Nazwa osobowa DALKA, Sławomir.
Określenie związku między hasłem a opisywanym materiałem wprow.
830 ## - HASŁO DODATKOWE SERII LUB DOKUMENTU WIELOCZĘŚCIOWEGO - TYTUŁ UJEDNOLICONY
Tytuł ujednolicony Instytucje Polskiego Prawa
856 ## - LOKALIZACJA I DOSTĘP DO ELEKTRONICZNYCH DOKUMENTÓW ZDALNYCH
Link (URL) http://koha.tu.koszalin.pl/cgi-bin/koha/opac-detail.pl?biblionumber=34568
Tekst linku Katalog online BPK
942 ## - DODATKOWE ELEMENTY (KOHA)
Typ dokumentu Książka
Egzemplarze
Wycofany Status egzemplarza Uszkodzony Dostępność Lokalizacja stała Lokalizacja bieżąca Miejsce przechowywania Sygnatura Kod kreskowy Typ dokumentu
      Tylko na miejscu Biblioteka Politechniki Koszalińskiej Biblioteka Politechniki Koszalińskiej Czytelnia Wydziałowa ul. Kwiatkowskiego 6e 47903 01403893 Książka
© 2023 Biblioteka Politechniki Koszalińskiej :: KOHA